Culture générale en 60 secondes #2 - Sciences - Statistiques

Statistiques générales
  • Ce quiz a été pris 369 fois
    104 depuis la dernière actualisation
  • Le résultat moyen est 7 sur 16
Statistiques - réponses
Question Réponse % Correct
Quelle unité mesure la tension électrique ? Volt
88%
Que signifie le A dans ADN ? Acide
85%
Quel est le constituant principal de l'atmosphère ? Diazote
70%
Quel est le deuxième élément du tableau périodique ? Hélium
68%
Où se trouvent l'enclume, le marteau et l'étrier ? Oreille
56%
Quelle spécialité médicale étudie le sang ? {Hémato}logie
48%
Comment s'appelle le passage direct de l'état solide à l'état gazeux ? Sublimation
44%
Comment nomme t-on le signe + ou - des groupes sanguins ? Rhésus
39%
Comment appelle t-on une planète en dehors du système solaire ? Exoplanète
38%
Les volcans peuvent être effusifs ou... Explosifs
24%
Comment s'écrit le nombre de jours dans l'année en notation scientifique ? 3,65x10^2
23%
Quel terme désigne l'explosion d'une étoile en fin de vie ? Supernova
21%
Quel est le plus petit oiseau, connu pour son vol à reculons ? Colibri
17%
Quelles cellules transmettent l'information dans le cerveau ? Neurones
17%
Quelle est la planète la plus dense du système solaire ? Terre
11%
CCM signifie chromatographie sur couche... Mince
9%
Aucun quiz correspondant
Distribution des résultats
% des personnes avec chaque résultat
Percentile par nombre de réponses
Votre historique - résultats
Vous n’avez pas pris ce quiz depuis la dernière actualisation